Gravity Falls Characters - Statistics

General Stats
  • This quiz has been taken 260 times
    32 since last reset
  • The average score is 12 of 15
Answer Stats
Hint Answer % Correct
Main Character #1 Dipper
100%
Main Character #2 Mabel
100%
Mabel and Dipper's OTHER Grunkle Stanford
100%
person that EVERYBODY mentionslooks like a fat gopher Soos
96%
Mabel and Dipper's Grunkle Stanley
92%
Dipper has a crush on Wendy
92%
Mabel's Enemy Pacifica
88%
Wendy's Crush Robbie
88%
Mabel's Fat PIGGG Waddles
88%
TRIANGULER DEMON Bill Cipher
85%
Mabel's Best Friend #1 Candy
85%
Mabel's Best Friend #2 Grenda
85%
Grunkle Stan's Lady Crushthat is ALSO a Lazy _____ Lazy Susan
69%
Bill Cipher's demon friend that is SUPPOSED TO EAT DIPPER 8-Ball
42%
never looks up from her phone Tammy
4%
No matching quizzes found
Score Distribution
Percent of People with Each Score
Percentile by Number Answered
Your Score History
You have not taken this quiz since the last reset